02493 2200313 4500001002100000005001500021007000300036008004100039020002200080035002000102082001000122084001600132100002400148245002600172250000600198264004100204300002900245336002100274337003000295338002300325504002000348505074900368520099601117650001002113650002302123990001102146990001102157990001102168INLIS00000000002095020230512105053ta230512 g 0 ind  a978-602-52531-8-4 a0010-0523000289 a297.1 a297.1 MUS b0 aMustaqimePengarang1 aBongkahan Cinta Ilahi aI aYogyakarta :bPustaka Diniyah,c2019 ax + 152 halaman ;c24 cm 2rdacontentaTeks 2rdamediaaTanpa Perantara 2rdacarrieraLembar a151-152 halaman a1.Dengan Iman, Hati Tenang Dan Urusan Lancar 9 2.Cintamu Bertepuk Sebelah Tangan Belum Waktunya 3.Aku Islam Hanya Karena Ayah Dan Ibuku Islam 4.Jangan Tinggalkan Kami Ayah, Bunda! 5.Nutup Aurat? Ntar Aja Kalau Udah Siap Astaghfirullah, Aku Tutup Telinga Saat Mendengar Panggilanmu 6.Astaghfirullah, Membaca Ayatmu Alergi Bagiku Siang Itu Terasa Malam Bagiku 7. Dengan Iman, Hati Tenang Dan Urusan Lancar 9 8.Cintamu Bertepuk Sebelah Tangan 9.Belum Waktunya 10.Aku Islam Hanya Karena Ayah Dan Ibuku Islam 11.Jangan Tinggalkan Kami Ayah, Bunda! 12.Nutup Aurat? Ntar Aja Kalau Udah Siap Astaghfirullah, Aku Tutup Telinga Saat Mendengar Panggilanmu 13.Astaghfirullah, Membaca Ayatmu Alergi Bagiku 14.Siang Itu Terasa Malam Bagiku aBuku ini pada dasarnya lanjutan dari Buku "Berhusnuzan kepada Allah; Semuanya akan Berakhir Indah". Dalam buku ini penulis mencoba menyadarkan kita yang lagi termenung di sudut ruangan yang sunyi, bingung mau dibawa kemana lagi hidup ini. Ibaratkan pepatah, "semut di seberang lautan tampak, tapi gajah di pelupuk mata tak tampak". Kita hidup dikasih Allah banyak hal. Mulai dari keluarga, harta hingga pengalaman hidup. Itulah sesungguhnya Bongkahan Cinta Ilahi yang sering tak kita sadari. Dilihat ada potongan kayu. Bentuknya jelek. Lalu ada orang yang langsung hanyutin kayu itu ke sungai. Tapi ada juga orang yang diolahnya kayu itu, hingga bisa menjadi sebuah kursi. Begitu juga dengan sebuah bongkahan batu. Bentuknya tak karuan. Tapi dari bongkahan batu itu orang bisa bikin rumah, bikin gedung, bikin cincin. Insya Allah melalui buku ini kita akan menjadi sadar betapa sayangnya Allah sama kita. Allah kasih bahan, Allah tunjukin cara mengolahnya. Kita tinggal kerjakan dan jalanin. 4aIslam 4aKehidupan Beragama a073287 a073288 a073289